|
|
|
|
| LEADER |
00655nab a2200181 i 4500 |
| 001 |
acta52216 |
| 005 |
20250402142804.0 |
| 008 |
180518s1941 hu o 000 hun d |
| 040 |
|
|
|a SZTE Egyetemi Kiadványok Repozitórium
|b hun
|
| 041 |
|
|
|a hun
|
| 245 |
0 |
2 |
|a A nevelő világnézete
|h [elektronikus dokumentum]
|
| 260 |
|
|
|c 1941
|
| 300 |
|
|
|a 291-292
|
| 490 |
0 |
|
|a Gyakorlati pedagógia
|v 6 No. 8
|
| 650 |
|
4 |
|a Társadalomtudományok
|
| 650 |
|
4 |
|a Oktatástudomány
|
| 695 |
|
|
|a Vallásos nevelés, Iskolai nevelés, Nevelésügy - Magyarország - 20. sz., Pedagógia
|
| 856 |
4 |
0 |
|u http://acta.bibl.u-szeged.hu/52216/1/gyakorlati_1941_008_291-292.pdf
|z Dokumentum-elérés
|